<?xml version="1.0" encoding="UTF-8"?>
<record
    xmlns:xsi="http://www.w3.org/2001/XMLSchema-instance"
    xsi:schemaLocation="http://www.loc.gov/MARC21/slim http://www.loc.gov/standards/marcxml/schema/MARC21slim.xsd"
    xmlns="http://www.loc.gov/MARC21/slim">

  <leader>01478nam a2200325 a 4500</leader>
  <controlfield tag="001">BRCA_7064</controlfield>
  <controlfield tag="005">20190320205711.0</controlfield>
  <controlfield tag="008">180511s1527----gw-a#####d---#000-0#ger-#</controlfield>
  <datafield tag="041" ind1=" " ind2=" ">
    <subfield code="a">ger</subfield>
  </datafield>
  <datafield tag="044" ind1=" " ind2=" ">
    <subfield code="a">gw</subfield>
  </datafield>
  <datafield tag="050" ind1=" " ind2="4">
    <subfield code="a">PT1769</subfield>
    <subfield code="b">.S23 1527</subfield>
  </datafield>
  <datafield tag="100" ind1="1" ind2=" ">
    <subfield code="a">Sachs, Hans</subfield>
    <subfield code="d">1494-1576</subfield>
    <subfield code="9">17563</subfield>
  </datafield>
  <datafield tag="245" ind1="1" ind2="0">
    <subfield code="a">Ein wunderliche Weissagung von dem Bapstumb</subfield>
    <subfield code="b">wie es yhm bis an das Ende der Welt gehen sol ynn Figuren odder Gemelde begriffen : gefunden zu Nurmberg ym Cartheuserkloster vnd ist seer alt</subfield>
    <subfield code="c">ein Vorred Andreas Osianders mit gutter verstendtlicher Auslegung durch gelerte Leut verklert, wilche Hans Sachs yn deudsche Reymen gefasset vnd darzu gesetzt hat.</subfield>
  </datafield>
  <datafield tag="260" ind1=" " ind2=" ">
    <subfield code="a">[Wittenberg, Alemania</subfield>
    <subfield code="b">Hans Weiss]</subfield>
    <subfield code="c">[1527]</subfield>
  </datafield>
  <datafield tag="300" ind1=" " ind2=" ">
    <subfield code="a">1 v. (sin paginaci&#xF3;n)</subfield>
    <subfield code="b">il., 30 grabados</subfield>
    <subfield code="c">21 cm.</subfield>
  </datafield>
  <datafield tag="500" ind1=" " ind2=" ">
    <subfield code="a">Con ex-libris de: Robert Hoe</subfield>
  </datafield>
  <datafield tag="500" ind1=" " ind2=" ">
    <subfield code="a">Con ex-libris de: Leonard Klein</subfield>
  </datafield>
  <datafield tag="500" ind1=" " ind2=" ">
    <subfield code="a">Con ex-libris de: Harold Greenhill, 1941</subfield>
  </datafield>
  <datafield tag="500" ind1=" " ind2=" ">
    <subfield code="a">Fondo antiguo</subfield>
  </datafield>
  <datafield tag="500" ind1=" " ind2=" ">
    <subfield code="a">Se encuentra en Caja Fuerte</subfield>
  </datafield>
  <datafield tag="500" ind1=" " ind2=" ">
    <subfield code="a">O-118</subfield>
  </datafield>
  <datafield tag="506" ind1="0" ind2=" ">
    <subfield code="a">Fondo reservado: para su consulta es necesario credencial de usuario y carta de motivos</subfield>
  </datafield>
  <datafield tag="650" ind1="1" ind2="4">
    <subfield code="a">Papas</subfield>
    <subfield code="v">Primeros trabajos hasta 1800</subfield>
    <subfield code="x">Profec&#xED;as</subfield>
    <subfield code="9">17564</subfield>
  </datafield>
  <datafield tag="650" ind1="1" ind2="4">
    <subfield code="a">Santa sede</subfield>
    <subfield code="v">Primeros trabajos hasta 1800</subfield>
    <subfield code="9">17565</subfield>
  </datafield>
  <datafield tag="650" ind1="1" ind2="4">
    <subfield code="a">Libros ilustrados</subfield>
    <subfield code="x">Historia</subfield>
    <subfield code="y">Siglos XV y XVI</subfield>
    <subfield code="9">17566</subfield>
  </datafield>
  <datafield tag="650" ind1="1" ind2="4">
    <subfield code="a">Grabado en madera, alem&#xE1;n</subfield>
    <subfield code="y">Siglo XVI</subfield>
    <subfield code="9">17567</subfield>
  </datafield>
  <datafield tag="700" ind1="1" ind2=" ">
    <subfield code="a">Osiander, Andreas</subfield>
    <subfield code="d">1498-1552</subfield>
    <subfield code="9">17568</subfield>
  </datafield>
  <datafield tag="902" ind1=" " ind2=" ">
    <subfield code="a">LAR</subfield>
  </datafield>
  <datafield tag="942" ind1=" " ind2=" ">
    <subfield code="2">lcc</subfield>
    <subfield code="c">B</subfield>
  </datafield>
  <datafield tag="999" ind1=" " ind2=" ">
    <subfield code="c">6745</subfield>
    <subfield code="d">6745</subfield>
  </datafield>
  <datafield tag="952" ind1=" " ind2=" ">
    <subfield code="0">0</subfield>
    <subfield code="1">0</subfield>
    <subfield code="4">0</subfield>
    <subfield code="7">0</subfield>
    <subfield code="a">BRCA</subfield>
    <subfield code="b">BRCA</subfield>
    <subfield code="d">2011-12-06</subfield>
    <subfield code="i">O-118</subfield>
    <subfield code="l">0</subfield>
    <subfield code="o">PT1769 .S23 1527 (O-118)</subfield>
    <subfield code="p">LAR00010</subfield>
    <subfield code="r">2019-03-22 00:00:00</subfield>
    <subfield code="w">2019-03-22</subfield>
    <subfield code="y">B</subfield>
  </datafield>
</record>
